Giáo trình tâm lý học đại cương

Spremljeno u:
Bibliografski detalji
Glavni autor: Nguyễn Quang Uẩn
Format: Knjiga
Jezik:Undetermined
Izdano: H. ĐHSP 2003
Teme:
Oznake: Dodaj oznaku
Bez oznaka, Budi prvi tko označuje ovaj zapis!
Thư viện lưu trữ: Trung tâm Học liệu Trường Đại học Cần Thơ
LEADER 00506nam a2200193Ia 4500
001 CTU_60064
008 210402s9999 xx 000 0 und d
020 |b 17500 
082 |a 150.1 
082 |b U502 
100 |a Nguyễn Quang Uẩn 
245 0 |a Giáo trình tâm lý học đại cương 
245 0 |c Nguyễn Quang Uẩn 
260 |a H. 
260 |b ĐHSP 
260 |c 2003 
650 |a psychology 
904 |i Minh 
980 |a Trung tâm Học liệu Trường Đại học Cần Thơ